Thành phần phiêu sinh vật trong các sinh cảnh ở tỉnh Sóc Trăng : Luận văn tốt nghiệp Cao học. Ngành Nuôi trồng thủy sản
Nghiên xác định thành phần loài và mật độ của thực vật phiêu sinh, động vật phiêu sinh trong các sinh cảnh nước ngọt và nước lợ ở Sóc Trăng. Đánh giá sự đa dạng của các nhóm thực vật phiêu sinh và động vật phiêu sinh....
Сохранить в:
| Главный автор: | |
|---|---|
| Формат: | |
| Язык: | Undetermined |
| Опубликовано: |
Cần Thơ
Trường Đại học Cần Thơ
2012
|
| Предметы: | |
| Метки: |
Добавить метку
Нет меток, Требуется 1-ая метка записи!
|
| Thư viện lưu trữ: | Trung tâm Học liệu Trường Đại học Cần Thơ |
|---|
| LEADER | 01230nam a2200229Ia 4500 | ||
|---|---|---|---|
| 001 | CTU_178779 | ||
| 008 | 210402s9999 xx 000 0 und d | ||
| 082 | |a 579.8 | ||
| 082 | |b T406 | ||
| 088 | |a 60620301 | ||
| 100 | |a Phạm, Mạnh Toàn | ||
| 245 | 0 | |a Thành phần phiêu sinh vật trong các sinh cảnh ở tỉnh Sóc Trăng : | |
| 245 | 0 | |b Luận văn tốt nghiệp Cao học. Ngành Nuôi trồng thủy sản | |
| 245 | 0 | |c Phạm Mạnh Toàn ; Vũ Ngọc Út (Cán bộ hướng dẫn) | |
| 260 | |a Cần Thơ | ||
| 260 | |b Trường Đại học Cần Thơ | ||
| 260 | |c 2012 | ||
| 520 | |a Nghiên xác định thành phần loài và mật độ của thực vật phiêu sinh, động vật phiêu sinh trong các sinh cảnh nước ngọt và nước lợ ở Sóc Trăng. Đánh giá sự đa dạng của các nhóm thực vật phiêu sinh và động vật phiêu sinh. | ||
| 650 | |a Zooplankton,Plankton,Động vật phiêu sinh,Phiêu sinh vật | ||
| 650 | |x Research,Ecology,Nghiên cứu,Sinh thái học | ||
| 904 | |i Năm | ||
| 980 | |a Trung tâm Học liệu Trường Đại học Cần Thơ | ||